[Event "Nicolosi Etna op 1st"]
[Site "Nicolosi"]
[Date "2014.12.07"]
[Round "5"]
[White "Amato, Angelo"]
[Black "Rosolia, Giuseppe"]
[Result "0-1"]
[WhiteElo "1659"]
[BlackElo "1806"]
[PlyCount "54"]
[EventDate "2014.12.05"]
[EventType "swiss"]
[EventRounds "7"]
[EventCountry "ITA"]
[SourceTitle "CBM 163 Extra"]
[Source "ChessBase"]
[SourceDate "2014.12.23"]
[SourceVersion "1"]
[SourceVersionDate "2014.12.23"]
[SourceQuality "1"]

1. c4 e5 2. e4 c6 3. Nf3 Nf6 4. d3 Be7 5. Nc3 Bb4 6. Nxe5 Bxc3+ 7. bxc3 Qa5 8. f4 d6 9. Nf3 Qxc3+ 10. Bd2 Qa3 11. Qb3 Qxb3 12. axb3 0-0 13. h3 Nh5 14. Kf2 f5 15. exf5 Nf6 16. g4 d5 17. Nd4 dxc4 18. dxc4 Ne4+ 19. Ke3 Re8 20. Ne6 Bxe6 21. fxe6 Rxe6 22. f5 Re8 23. Rh2 Na6 24. Kf4 Nac5 25. Re1 g5+ 26. Ke3 Nxd2+ 27. Kxd2 Rad8+ 0-1

[Event "Siracusa op 2nd"]
[Site "Siracusa"]
[Date "2007.09.05"]
[Round "5"]
[White "Rosolia, Giuseppe"]
[Black "Monica, Vincenzo"]
[Result "1-0"]
[WhiteElo "1930"]
[BlackElo "1514"]
[PlyCount "37"]
[EventDate "2007.09.02"]
[EventType "swiss"]
[EventRounds "9"]
[EventCountry "ITA"]
[SourceTitle "EXT 2010"]
[Source "ChessBase"]
[SourceDate "2010.11.25"]
[SourceVersion "1"]
[SourceVersionDate "2010.11.25"]
[SourceQuality "1"]

1. Nf3 Nc6 2. d3 e5 3. e4 h6 4. c3 Nf6 5. Be2 d5 6. Nbd2 Bc5 7. 0-0 Be6 8. b4 Bb6 9. b5 Na5 10. Nxe5 Qd6 11. Nef3 Qc5 12. exd5 Nxd5 13. c4 Nf4 14. d4 Qh5 15. Ne4 Nxe2+ 16. Qxe2 0-0 17. d5 Bf5 18. Ng3 Rfe8 19. Qxe8+ 1-0

[Event "Siracusa op"]
[Site "Siracusa"]
[Date "2006.09.29"]
[Round "8"]
[White "Rosolia, Giuseppe"]
[Black "Kopischke, Maik"]
[Result "1-0"]
[WhiteElo "1936"]
[BlackElo "1984"]
[PlyCount "131"]
[EventDate "2006.09.23"]
[EventType "swiss"]
[EventRounds "9"]
[EventCountry "ITA"]
[SourceTitle "EXT 2011"]
[Source "ChessBase"]
[SourceDate "2010.11.26"]
[SourceVersion "1"]
[SourceVersionDate "2010.11.26"]
[SourceQuality "1"]

1. Nf3 Nf6 2. c3 e6 3. d3 d5 4. Nbd2 Be7 5. e4 dxe4 6. dxe4 0-0 7. Be2 c5 8. Qc2 Nbd7 9. 0-0 Qc7 10. Re1 e5 11. a4 a6 12. Nc4 b6 13. Bg5 Bb7 14. Nfd2 Rfe8 15. f3 Nf8 16. Ne3 h6 17. Bxf6 Bxf6 18. Nd5 Qc6 19. Nxf6+ Qxf6 20. Nc4 Ng6 21. g3 h5 22. Rad1 Rad8 23. Rxd8 Rxd8 24. Rd1 h4 25. Rxd8+ Qxd8 26. Qd2 Qxd2 27. Nxd2 hxg3 28. hxg3 Bc6 29. Bxa6 Bxa4 30. Nc4 b5 31. Nd6 b4 32. Bc4 Kf8 33. Nb7 bxc3 34. bxc3 Bc6 35. Nxc5 Ne7 36. Kf2 Nc8 37. Ke3 Nd6 38. Bd5 Bb5 39. Bb3 Ke7 40. Nd3 Kf6 41. Nxe5 Nb7 42. Kd4 Be2 43. f4 Nd6 44. c4 Ke7 45. Nc6+ Kd7 46. Ba4 Kc7 47. Na5 Bf3 48. Bc2 Be2 49. Bd3 Bg4 50. c5 Nc8 51. Nc4 Ne7 52. Ne5 Bc8 53. Bb5 f5 54. Bd3 fxe4 55. Bxe4 Be6 56. g4 Ng8 57. f5 Bc8 58. g5 Kd8 59. Nf7+ Kc7 60. Nd6 Bd7 61. Ke5 Ba4 62. Bd5 Ne7 63. Ke6 Ng8 64. Kf7 Be8+ 65. Nxe8+ Kd8 66. Kxg8 1-0

[Event "Croce di Magara op"]
[Site "Camigliatello"]
[Date "2005.09.11"]
[Round "3"]
[White "Cordi, Domenico"]
[Black "Rosolia, Giuseppe"]
[Result "1/2-1/2"]
[WhiteElo "2086"]
[BlackElo "1829"]
[PlyCount "83"]
[EventDate "2005.09.10"]
[EventType "swiss"]
[EventRounds "9"]
[EventCountry "ITA"]
[SourceTitle "EXT 2007"]
[Source "ChessBase"]
[SourceDate "2006.11.23"]
[SourceVersion "1"]
[SourceVersionDate "2006.11.23"]
[SourceQuality "1"]

1. e4 e5 2. Nf3 d6 3. d4 Nd7 4. Bc4 c6 5. 0-0 Be7 6. dxe5 dxe5 7. Ng5 Bxg5 8. Qh5 Qe7 9. Bxg5 Ngf6 10. Qh4 0-0 11. Nd2 h6 12. Be3 b5 13. Be2 Nd5 14. Qxe7 Nxe7 15. a4 b4 16. Nb3 a5 17. Rad1 Nf6 18. f3 Ba6 19. Bxa6 Rxa6 20. Rd3 Ng6 21. g3 c5 22. Bxc5 Rc8 23. Rfd1 Rc7 24. c3 bxc3 25. Rxc3 Nd7 26. Bd4 Rb7 27. Be3 Ngf8 28. Rdd3 Kh7 29. Rd2 Ne6 30. Kf2 Ra8 31. Nc1 Ng5 32. b3 Nf6 33. Bxg5 hxg5 34. Nd3 Rd7 35. Ke3 g4 36. f4 exf4+ 37. gxf4 Re8 38. Rc4 Nd5+ 39. Ke2 Nb6 40. Rc6 Rxe4+ 41. Kd1 Nd5 42. Rc5 1/2-1/2

[Event "Croce di Magara op"]
[Site "Camigliatello"]
[Date "2005.09.11"]
[Round "4"]
[White "Rosolia, Giuseppe"]
[Black "Rizzuti, Pasquale"]
[Result "1-0"]
[WhiteElo "1829"]
[BlackElo "1874"]
[PlyCount "129"]
[EventDate "2005.09.10"]
[EventType "swiss"]
[EventRounds "9"]
[EventCountry "ITA"]
[SourceTitle "EXT 2007"]
[Source "ChessBase"]
[SourceDate "2006.11.23"]
[SourceVersion "1"]
[SourceVersionDate "2006.11.23"]
[SourceQuality "1"]

1. d4 Nf6 2. Nf3 g6 3. Bf4 d6 4. e3 Bg7 5. h3 0-0 6. Be2 Nc6 7. c3 Nh5 8. Bh2 f5 9. Ng5 h6 10. Qb3+ d5 11. Bxh5 hxg5 12. Bxg6 Rf6 13. Bh5 f4 14. e4 Be6 15. e5 Rh6 16. Bf3 Na5 17. Qc2 c5 18. dxc5 Bxe5 19. Nd2 Qd7 20. b4 Bf5 21. Qb2 Nc4 22. Nxc4 dxc4 23. Be2 Bd3 24. 0-0-0 a5 25. Rhe1 axb4 26. Bxd3 cxd3 27. Rxe5 Rha6 28. Rxg5+ Kh7 29. cxb4 Rf6 30. Bxf4 Qe6 31. a3 Qc4+ 32. Kb1 Qxf4 33. Qe5 Qxe5 34. Rxe5 Rxa3 35. Rxe7+ Kg6 36. Kb2 Ra7 37. f3 Ra4 38. Kb3 Rfa6 39. Rxd3 Kf6 40. Rxb7 Ke5 41. Rd6 Ra8 42. Re7+ Kf5 43. g3 Ra1 44. Rh7 R1a3+ 45. Kc4 Rxf3 46. Rf7+ Kg5 47. Rxf3 Re8 48. Rfd3 Kf5 49. R3d4 Re1 50. Kb5 Rb1 51. Rd8 Ke5 52. h4 Ke6 53. h5 Kf7 54. h6 Kg6 55. R4d6+ Kh7 56. Ra8 Rxb4+ 57. Kc6 Rb6+ 58. Kd5 Rb7 59. Rdd8 Rb1 60. Rh8+ Kg6 61. Ra6+ Kf5 62. Rf8+ Kg5 63. h7 Rd1+ 64. Kc6 Kg6 65. h8Q 1-0

[Event "Croce di Magara op"]
[Site "Camigliatello"]
[Date "2005.09.10"]
[Round "1"]
[White "Rosolia, Giuseppe"]
[Black "Levato, Biagio"]
[Result "1-0"]
[WhiteElo "1829"]
[BlackElo "1480"]
[PlyCount "126"]
[EventDate "2005.09.10"]
[EventType "swiss"]
[EventRounds "9"]
[EventCountry "ITA"]
[SourceTitle "EXT 2007"]
[Source "ChessBase"]
[SourceDate "2006.11.23"]
[SourceVersion "1"]
[SourceVersionDate "2006.11.23"]
[SourceQuality "1"]

1. d4 Nf6 2. Nf3 g6 3. c4 Bg7 4. Nc3 0-0 5. e4 d6 6. Be2 c5 7. 0-0 cxd4 8. Nxd4 Nc6 9. Nxc6 bxc6 10. Bf3 Nd7 11. Qc2 Ba6 12. b3 Qc7 13. Bg5 Rfe8 14. Rac1 Rac8 15. Rfd1 Ne5 16. Be2 Nd7 17. Na4 Nb6 18. Nc3 Nd7 19. Bf1 Ne5 20. c5 Bxf1 21. cxd6 exd6 22. Kxf1 Ng4 23. Bf4 Be5 24. Bxe5 Rxe5 25. h3 Nf6 26. f4 Rc5 27. Qb2 Qb8 28. Qd2 Rd8 29. Qd4 Ne8 30. b4 Rh5 31. Ne2 Ng7 32. Rxc6 Ne6 33. Qc4 Rb5 34. Rdxd6 Rxb4 35. Qd5 Rxd6 36. Rxd6 Rb1+ 37. Kf2 Rb2 38. g3 Rxa2 39. Rxe6 Rxe2+ 40. Kxe2 fxe6 41. Qxe6+ Kg7 42. Qd7+ Kg8 43. Qd5+ Kf8 44. Kd3 Qb1+ 45. Kd4 Qd1+ 46. Kc5 Qc2+ 47. Kd6 Qc8 48. g4 Qd8+ 49. Kc5 Qb6+ 50. Kc4 Qa6+ 51. Kb4 Qb6+ 52. Qb5 Qd4+ 53. Qc4 Qb2+ 54. Kc5 Qa3+ 55. Kb5 Qb2+ 56. Qb4+ Qxb4+ 57. Kxb4 Ke7 58. Ka5 Kd7 59. Ka6 Kc7 60. f5 Kd6 61. Kxa7 gxf5 62. exf5 Ke5 63. Kb6 Kf6 1-0